Southville International School and Colleges
Your cart is empty.
  • Cart
  • Lists
    Public lists Eva Luna New books Lux_list list_1
    Your lists Log in to create your own lists
  • Log in to your account
  • Your cookies
  • Search history
Southville International School and Colleges
  • Advanced search
  • Recent comments
  • Most popular
  • Libraries

Log in to your account

Log in with GOOGLE


If you do not have an external account, but do have a local account, you can still log in:

  1. Home
  2. MARC view: Cracking the new job market :
Normal view MARC view ISBD view

Cracking the new job market : (Record no. 22400)

[ view plain ]
MARC details
000 -LEADER
fixed length control field 01750nam a2200253 a 4500
003 - CONTROL NUMBER IDENTIFIER
control field SISC
005 - DATE AND TIME OF LATEST TRANSACTION
control field 20170130111843.0
008 - FIXED-LENGTH DATA ELEMENTS--GENERAL INFORMATION
fixed length control field 121013s19uu xx 00 eng d
020 ## - INTERNATIONAL STANDARD BOOK NUMBER
International Standard Book Number 9780814417348
050 ## - LIBRARY OF CONGRESS CALL NUMBER
Classification number HF 5382.75.U6
Item number .H65 2012
100 ## - MAIN ENTRY--PERSONAL NAME
Personal name Holland, R. William.
245 ## - TITLE STATEMENT
Title Cracking the new job market :
Remainder of title the 7 rules for getting hired in any economy /
Statement of responsibility, etc R. William Holland.
260 ## - PUBLICATION, DISTRIBUTION, ETC. (IMPRINT)
Place of publication, distribution, etc New York, United States :
Name of publisher, distributor, etc American Management Association,
Date of publication, distribution, etc 2012.
300 ## - PHYSICAL DESCRIPTION
Extent xv, 238 pages :
Other physical details illustrations ;
Dimensions 24 cm.
500 ## - GENERAL NOTE
General note Includes index.
520 ## - SUMMARY, ETC.
Summary, etc The rules for finding professional work once seemed clear and unwavering: capture career highlights in a resume, practice answers to standard interview questions, and do lots of face-to-face networking. Cracking the New Job Market shows how these rules have changed and delivers new job-hunting strategies that actually work. The key, rather than to emphasize past accomplishments, is to sell your self on the value you can create for an employer. This new approach to getting hired requires new skills. Author R. William Holland, a human resources insider, shows job seekers how to: Gather information on what a prospective employer finds important Emphasize those skills, accomplishments, and qualities in tailored resumes and interview answers Identify the intersection between personal talents and what the marketplace needs Unlock the networking power of social media
650 ## - SUBJECT ADDED ENTRY--TOPICAL TERM
Topical term or geographic name as entry element Job hunting
General subdivision United States.
650 ## - SUBJECT ADDED ENTRY--TOPICAL TERM
Topical term or geographic name as entry element White collar workers
General subdivision Employment
-- United States.
650 ## - SUBJECT ADDED ENTRY--TOPICAL TERM
Topical term or geographic name as entry element Professional employees
General subdivision United States.
650 ## - SUBJECT ADDED ENTRY--TOPICAL TERM
Topical term or geographic name as entry element Labor market
General subdivision United States.
650 ## - SUBJECT ADDED ENTRY--TOPICAL TERM
Topical term or geographic name as entry element Career development
General subdivision United States.
942 ## - ADDED ENTRY ELEMENTS (KOHA)
Koha item type Books
Source of classification or shelving scheme Library of Congress Classification
Call number prefix Foreign
Holdings
Withdrawn status Lost status Source of classification or shelving scheme Damaged status Home library Current library Shelving location Date acquired Total Checkouts Full call number Barcode Date last seen Copy number Price effective from Koha item type
    Library of Congress Classification   College Library College Library Reserve Section 01/18/2014   HF 5382.75.U6 .H65 2012 C16367 05/15/2018 1 01/18/2014 Books

Cracking the new job market :

APA

Holland R. W., . (2012). Cracking the new job market. New York, United States: American Management Association.

Chicago

Holland R William, . 2012. Cracking the new job market. New York, United States: American Management Association.

Harvard

Holland R. W., . (2012). Cracking the new job market. New York, United States: American Management Association.

MLA

Holland R William, . Cracking the new job market. New York, United States: American Management Association. 2012.

  • Place hold
  • Print
  • Cite
  • Add to your cart (remove)
  • Save record
    BIBTEX Dublin Core MARCXML MARC (non-Unicode/MARC-8) MARC (Unicode/UTF-8) MARC (Unicode/UTF-8, Standard) MODS (XML) RIS
  • More searches
    Search for this title in:
    Other Libraries (WorldCat) Other Databases (Google Scholar) Online Stores (Bookfinder.com) Open Library (openlibrary.org)

Exporting to Dublin Core...

SOUTHVILLE LIBRARY

Southville International School and Colleges Library

1281 Tropical Ave. Cor. Luxembourg St., BF Homes International, Las Pinas City

Tel. No. 8256374 / 252358 Loc. 117/146

Powered by Koha